[Event "Medellin Easter op 11th"]
[Site "Medellin"]
[Date "2023.04.09"]
[Round "6"]
[White "Gonzalez Gonzalez, Guillermo David"]
[Black "Ramirez H, Jhonatan"]
[Result "1/2-1/2"]
[WhiteElo "1110"]
[BlackElo "1616"]
[PlyCount "71"]
[EventDate "2023.04.05"]
[EventType "swiss"]
[EventRounds "7"]
[EventCountry "COL"]
[SourceTitle "CBM 213 Extra"]
[Source "ChessBase"]
[SourceDate "2023.05.31"]
[SourceVersion "1"]
[SourceVersionDate "2023.05.31"]
[SourceQuality "1"]

1. d4 d5 2. c4 Nc6 3. Nc3 Nf6 4. cxd5 Nxd5 5. e4 Nxc3 6. bxc3 g6 7. Nf3 Bg7 8. Bc4 0-0 9. 0-0 Na5 10. Bb3 c5 11. Bb2 Nxb3 12. Qxb3 Be6 13. d5 Bg4 14. Nd2 b5 15. c4 bxc4 16. Nxc4 Rb8 17. Qc2 Bxb2 18. Nxb2 Qb6 19. Nd3 c4 20. Ne5 Bc8 21. Nc6 Rb7 22. Qxc4 Rc7 23. Qb4 Qxb4 24. Nxb4 Rc4 25. Nc6 Rxe4 26. Nxa7 Bb7 27. Rfd1 Rd8 28. f3 Rc4 29. Re1 Kf8 30. Nc6 Bxc6 31. dxc6 Rxc6 32. a4 Ra6 33. Re2 Ra5 34. Kf2 Rda8 35. Re4 f5 36. Rd4 1/2-1/2

[Event "Sabaneta op-B 1st"]
[Site "Sabaneta"]
[Date "2022.11.30"]
[Round "8"]
[White "Ramirez H, Jhonatan"]
[Black "Florez, Santiago"]
[Result "0-1"]
[WhiteElo "1614"]
[BlackElo "1710"]
[PlyCount "40"]
[EventDate "2022.11.25"]
[EventType "swiss"]
[EventRounds "8"]
[EventCountry "COL"]
[SourceTitle "CBM 211 Extra"]
[Source "ChessBase"]
[SourceDate "2023.01.31"]
[SourceVersion "1"]
[SourceVersionDate "2023.01.31"]
[SourceQuality "1"]

1. e4 c5 2. f4 e6 3. Nc3 d5 4. d3 Nc6 5. Nf3 Nge7 6. Be2 g6 7. 0-0 Bg7 8. Rb1 0-0 9. a3 e5 10. fxe5 Nxe5 11. Nxe5 Bxe5 12. Bh6 Bg7 13. Bxg7 Kxg7 14. h4 dxe4 15. dxe4 Be6 16. Bf3 Nc6 17. Qe1 Bc4 18. Be2 Bxe2 19. Nxe2 Nd4 20. Qc3 Qxh4 0-1

[Event "Medellin Feria de las Flores op"]
[Site "Medellin"]
[Date "2022.08.07"]
[Round "8"]
[White "Mogollon Tobar, Nicolle Juliet"]
[Black "Ramirez H, Jhonatan"]
[Result "1/2-1/2"]
[WhiteElo "2025"]
[BlackElo "1616"]
[PlyCount "39"]
[EventDate "2022.08.03"]
[EventType "swiss"]
[EventRounds "9"]
[EventCountry "COL"]
[SourceTitle "CBM 209 Extra"]
[Source "ChessBase"]
[SourceDate "2022.09.30"]
[SourceVersion "1"]
[SourceVersionDate "2022.09.30"]
[SourceQuality "1"]

1. e4 e5 2. Nf3 Nc6 3. d4 exd4 4. Bc4 Qe7 5. 0-0 Ne5 6. Nxe5 Qxe5 7. Nd2 c5 8. f4 Qc7 9. Nf3 Be7 10. Ne5 Nf6 11. Bxf7+ Kf8 12. Bc4 d6 13. Nf7 b5 14. e5 bxc4 15. exf6 Kxf7 16. fxe7 Qxe7 17. Re1 Qh4 18. Qe2 d5 19. g3 Qd8 20. f5 1/2-1/2

[Event "Medellin Aristizabal Cup"]
[Site "Medellin"]
[Date "2022.07.10"]
[Round "5"]
[White "Diaz, Pablo"]
[Black "Ramirez H, Jhonatan"]
[Result "0-1"]
[WhiteElo "1574"]
[BlackElo "1594"]
[PlyCount "94"]
[EventDate "2022.07.08"]
[EventType "swiss"]
[EventRounds "7"]
[EventCountry "COL"]
[SourceTitle "CBM 209 Extra"]
[Source "ChessBase"]
[SourceDate "2022.09.30"]
[SourceVersion "1"]
[SourceVersionDate "2022.09.30"]
[SourceQuality "1"]

1. e4 e5 2. Nf3 Nc6 3. Bc4 Bc5 4. c3 Nf6 5. d3 d6 6. Nbd2 a6 7. 0-0 Ba7 8. Ng5 0-0 9. Qb3 Qe7 10. h3 b5 11. Bxf7+ Rxf7 12. Qxf7+ Qxf7 13. Nxf7 Kxf7 14. Kh2 Nh5 15. g3 g5 16. Nf3 h6 17. Ng1 Kg6 18. Ne2 Bd7 19. f4 gxf4 20. gxf4 exf4 21. Nxf4+ Nxf4 22. Bxf4 Rf8 23. d4 Nd8 24. Rg1+ Kh7 25. Raf1 Ne6 26. Bg3 Rxf1 27. Rxf1 Kg6 28. d5 Ng5 29. e5 Bxh3 30. Rf6+ Kg7 31. Bf4 Bc8 32. Bxg5 hxg5 33. Kg3 Be3 34. Rf3 Bf4+ 35. Rxf4 gxf4+ 36. Kxf4 Kf7 37. Ke4 dxe5 38. Kxe5 Ke7 39. b3 a5 40. c4 b4 41. c5 Bg4 42. d6+ Kd7 43. dxc7 Kxc7 44. Kd5 Bf3+ 45. Kc4 Kc6 46. Kd4 Bd5 47. a3 Bxb3 0-1